1623 1886 1516 1805 1648 1668 1296 1766 1592 1900 1611 1788 1157 1990 1107 1190 1713 1847 1351 1405 1903 1248 1414 1137 1235 1730 1192 1126 1936 1779 1844 1773 1044 1786 1271 1394 1264 1372 1656 1684 1547 1737 1931 1089 1979 1909 1837 1379 1301 1277 1356 1746 1313 1298 1627 1859 1396 1913 1458 1192 1870 1259 1784 1588 1805 1657 1537 1781 1520 1818 1061 1321 1272 1784 1236 1167 1077 1813 1065 1946 1267 1029 1005 1653 1890 1673 1147 1407 1227 1149 1166 1571 1743 1105 1785 1678 1655 1856 1519 BCNSPRNW ULIB Ver.6.0+V

เปลี่ยนเป็นภาษาไทย

Change to English
 แสดงรายละเอียดบรรณานุกรม
  กลับหน้าหลัก

Brief Record : Get Marc (ISO 2709) : E-mail record : QR code < ปิดหน้าต่าง
LEADER : 00000nam 2200000uu 4500
001    13399125662
003     ULIB
008    170713s2558||||th 000 0 tha d
020    ^a9786164030060
060  0 ^aWB541^bน941ข
100 0  ^aโนบุโกะ, วาตานาเบะ
245 00 ^aขยับ ปรับ สรีระ บอกลาปัญหาสุขภาพ /^cโนบุโกะ, วาตานาเบะ
260    ^aกรุงเทพฯ :^bฟรีมายด์,^c2558
300    ^a120 หน้า :^bภาพประกอบ ;^c21 ซม.
650  0 ^aกายบริหาร
700 0  ^aสุธีรา ครุธคำรพ^eผู้แปล
945    ^p150^l0^i002651
999    ^aประนอม เกษจรัล
รายการนี้ยังไม่มีแท็ก
คุณยังไม่ได้ล็อกอิน คุณสามารถมีกิจกรรมร่วมกับเว็บไซต์ได้ แต่ต้องล็อกอินก่อน ::
  ล็อกอิน

รายการสื่อสารสนเทศ

ลำดับที่ ประเภท เลขเรียก/บาร์โค้ด สถานที่ สถานะ
1. วิทยาศาสตร์การแพทย์ และสุขภาพ
วิทยาศาสตร์การแพทย์ และสุขภาพ
สถานะ=หนังสือเก่า
WB541 น941ข ฉ.1 
  Barcode: 002651
ห้องสมุดวิทยาเขตสวรรค์ประชารักษ์
►ส่วนจัดเก็บหนังสือเก่า สปร
บนชั้น
  ขอยืม

รายการใกล้เคียง
    ผู้แต่ง [โนบุโกะ, วาตานาเบะ]

    หัวเรื่อง [กายบริหาร]

BibComment


ยังไม่เคยถูกคอมเมนท์

คอมเมนท์ทรัพยากรรายการนี้
  คอมเมนท์: ขยับ ปรับ สรีระ ..


 Copyright 2026. Bcnsprnw @Library